| 000 | 01278cam a2200313 a 4500 | ||
|---|---|---|---|
| 001 | 000015815 | ||
| 005 | 20200929164149.0 | ||
| 008 | 020124s2001 sp a b f000 0 spa | ||
| 020 | _a8489384339 | ||
| 040 |
_aDO-SdBNP _bspa _CBNPHU |
||
| 082 |
_a027.4 _bB582p |
||
| 245 | 0 | 4 |
_aLas bibliotecas públicas en España : _buna realidad abierta / _cHilario Hernández, dirección técnica ; Fernando Armario ... [et al.]. |
| 260 |
_aMadrid : _bFundación Germán Sánchez Ruipérez ; _bDirección General del Libro, Archivos y Bibliotecas ; _bPlan de Fomento a la Lectura, _c2001. |
||
| 300 |
_a319 p. : _bil., gráf. ; _c23 cm. |
||
| 500 | _aIncluye anexos. | ||
| 650 | 4 |
_aBibliotecas públicas _zEspaña _935591 |
|
| 700 | 1 | 2 |
_aHernández, Hilario. _95736 |
| 700 | 1 | 2 |
_aArmario, Fernando. _935592 |
| 700 | 1 | 2 |
_aCarrión Gútiez, Alejandro. _935593 |
| 700 | 1 | 2 |
_aDomínguez Sanjurjo, M. Ramona. _935594 |
| 700 | 1 | 2 |
_aGómez Hernández, José Antonio. _935595 |
| 700 | 1 | 2 |
_aMañá Terré, Teresa. _935596 |
| 700 | 1 | 2 |
_aMayol Fernádez, Carmen. _935597 |
| 700 | 1 | 2 |
_aMerlo Vega, José Antonio. _935598 |
| 700 | 1 | 2 |
_aNogales Herrera, José María. _935599 |
| 700 | 1 | 2 |
_aSalaberría, Ramón. _935600 |
| 700 | 1 | 2 |
_aSoarín Pérez, Tomás. _935601 |
| 700 | 1 | 2 |
_aSelgas, Joaquín. _935602 |
| 999 |
_c15360 _d15360 |
||